[Event "HUN-chT2 Toth 1819"]
[Site "Hungary"]
[Date "2019.02.10"]
[Round "7.10"]
[White "Balatoni, Gyorgy"]
[Black "Kis, Izabella"]
[Result "1/2-1/2"]
[WhiteElo "1692"]
[BlackElo "1455"]
[PlyCount "109"]
[EventDate "2018.09.23"]
[EventType "team-tourn"]
[EventRounds "11"]
[EventCountry "HUN"]
[SourceTitle "EXT 2021"]
[Source "ChessBase"]
[SourceDate "2020.10.23"]
[SourceVersion "1"]
[SourceVersionDate "2020.10.23"]
[SourceQuality "1"]
[WhiteTeam "Szentes Integral"]
[BlackTeam "Szeged Maroczy III"]
[WhiteTeamCountry "HUN"]
[BlackTeamCountry "HUN"]

1. c4 c5 2. Nf3 Nc6 3. Nc3 g6 4. g3 Bg7 5. Bg2 Nf6 6. 0-0 0-0 7. d4 cxd4 8. Nxd4 e5 9. Nxc6 dxc6 10. Bg5 Qxd1 11. Raxd1 Be6 12. Bxf6 Bxf6 13. b3 Rad8 14. e4 Rxd1 15. Rxd1 Rd8 16. Kf1 Rxd1+ 17. Nxd1 Kf8 18. Ke2 Ke7 19. Kd3 c5 20. Ne3 b6 21. Bf3 Kd6 22. a4 a6 23. Be2 Bg5 24. Nd1 b5 25. axb5 axb5 26. h4 Bh6 27. f3 b4 28. Nf2 Bd7 29. Bd1 Be6 30. Ke2 Ke7 31. Nd3 Kd6 32. f4 exf4 33. gxf4 Bg7 34. Kf3 h5 35. Kg3 Bd4 36. Bf3 f6 37. Ne1 Bd7 38. Nc2 Bc3 39. Kf2 Bd2 40. Kg3 Bc3 41. Ne3 Be6 42. Ng2 Bf7 43. Bd1 Be6 44. Kh2 Bd4 45. Kg3 Bc3 46. Bc2 Bd4 47. f5 Be5+ 48. Kf3 gxf5 49. exf5 Bd7 50. Be4 Bc8 51. Ne3 Bd7 52. Nd5 Bc6 53. Nf4 Bxe4+ 54. Kxe4 Bxf4 55. Kxf4 1/2-1/2

[Event "HUN-chT U18 2nd"]
[Site "Zalakaros"]
[Date "2018.07.27"]
[Round "3.28"]
[White "Pasti, Zsombor"]
[Black "Kis, Izabella"]
[Result "0-1"]
[WhiteElo "1249"]
[BlackElo "1446"]
[PlyCount "78"]
[EventDate "2018.07.26"]
[EventType "team-swiss"]
[EventRounds "7"]
[EventCountry "HUN"]
[SourceTitle "EXT 2019"]
[Source "ChessBase"]
[SourceDate "2018.10.10"]
[SourceVersion "1"]
[SourceVersionDate "2018.10.10"]
[SourceQuality "1"]

1. e4 e5 2. Nf3 Nc6 3. Nc3 Bc5 4. Bc4 Nf6 5. d3 h6 6. 0-0 0-0 7. Nxe5 Nxe5 8. d4 Nxc4 9. dxc5 d6 10. Qe2 Ne5 11. f4 Nc6 12. Rd1 Bg4 13. Qe1 Bxd1 14. Qxd1 Re8 15. Qf3 Qe7 16. cxd6 cxd6 17. f5 Nxe4 18. Nd5 Qd8 19. Qg4 Kh7 20. Qh5 Ne5 21. Bf4 Nf6 22. Nxf6+ Qxf6 23. Rf1 g5 24. Bc1 Rac8 25. c3 Nd3 26. Bd2 Re5 27. g4 Kg7 28. Rf3 Ne1 29. Rh3 Re2 30. Be3 Nc2 31. Bxa7 Ra8 32. Bf2 Rxa2 33. Kf1 Rd2 34. b4 Ra1+ 35. Kg2 Rad1 36. Kf3 Qxc3+ 37. Kg2 Rxf2+ 38. Kxf2 Rd2+ 39. Kg1 Qa1# 0-1